000 00579ntaaa2200193 4500
003 01
005 20251027201005.0
008 0714s1973 ag 01
040 _aAR-BaBN
_bspa
_cAR-BaBN
_eaacr
_dRIC
082 _a230.098 M58f
100 _aMíguez Bonino, José
_91389
245 _aLa fe en busca de eficacia; una interpretación de la reflexión teológica latinoamericana de liberación. /
_cJosé Míguez Bonino
250 _a1 ed.
260 _aSalamanca :
_bSígueme,
_c1977
300 _a203 p.
490 _aAgora
650 _aTeología de la Liberación
942 _cBK
999 _c3951
_d3951